Stochastické procesy a teória informácii /
Salvato in:
| Autori principali: | , |
|---|---|
| Natura: | Libro |
| Lingua: | slovacco |
| Pubblicazione: |
Bratislava :
SVŠT v Bratislave,
1990
|
| Edizione: | 1.vyd. |
| Tags: |
Nessun Tag, puoi essere il primo ad aggiungerne!!
|
MARC
| LEADER | 00000nam a22000003a 4500 | ||
|---|---|---|---|
| 001 | stu2574 | ||
| 005 | 20220401125809.0 | ||
| 008 | 921022s1990----cs------------------slo-d | ||
| 040 | |a STU |b slo | ||
| 041 | 0 | |a slo | |
| 044 | |a cs | ||
| 080 | |a 539.216+519.72(075.8) | ||
| 100 | 1 | |a Grošek, Otokar, |d 1950- |4 aut |u E200 |U FEI Fakulta elektrotechniky a informatiky |T FEI Katedra aplikovanej informatiky a výpočtovej techniky |X 1973 |U E200 |Y 67 |7 A000001973 | |
| 245 | 1 | |a Stochastické procesy a teória informácii / |c [aut.] Grošek,Otokar; Volauf,Peter | |
| 250 | |a 1.vyd. | ||
| 260 | |a Bratislava : |b SVŠT v Bratislave, |c 1990 | ||
| 300 | |a 284 s | ||
| 700 | 1 | |a Volauf, Peter, |d 1949- |4 aut |u E170 |U FEI Fakulta elektrotechniky a informatiky |T FEI Katedra matematiky |X 1981 |U E170 |Y 64 |7 A000001981 | |
| 996 | |b 284ES27265 |c E*S-31829 |l EE01 |s A |a 24 |w stu2574_0010 | ||
| 996 | |b 284ES03107 |c E*S-31857 |l EE01 |s A |a 24 |w stu2574_0029 | ||
| 996 | |b 284ES24231 |c E*S-31858 |l EE01 |s A |a 24 |w stu2574_0030 | ||
| 996 | |b 284ES21385 |c E*S-31812 |l EE01 |s A |a 24 |w stu2574_0031 | ||
| 996 | |b 284EK09069 |c E*70966 |l EE0105 |s P |a 0 |w stu2574_0050 | ||
| 996 | |b 284ES15507 |c E*S-31836 |l EE01 |s A |a 24 |w stu2574_0051 | ||